000 00696nam a2200289Ia 4500
005 20260324122557.0
008 008 260324s9999 xx 000 0 eng d
020 _a9780203073872
037 _aEBOOK
040 _aCRL
040 _beng
040 _cCRL
041 _2eng
041 _aeng
084 _qCRL
100 _aRobert Egnell; Peter Haldén
_91166987
245 0 _aNew Agendas in Statebuilding
245 0 _bHybridity, Contingency and History
260 _bTaylor and Francis
260 _c2013
365 _a
365 _b265
856 _uhttp://www.taylorfrancis.com/books/9780203073872
942 _cEBOOK
999 _c1759838
_d1759838